Kitüntették Bodosi Mihály professzort
Elmentve itt :
| Dokumentumtípus: | Cikk |
|---|---|
| Megjelent: |
2007-08-18
|
| Sorozat: | Délmagyarország
97 No. 193 |
| Kulcsszavak: | Bodosi Mihály, Magyar Köztársasági Érdemrend Tisztikeresztje |
| Online Access: | http://dmarchiv.bibl.u-szeged.hu/127385 |
| LEADER | 00462nab a2200145 i 4500 | ||
|---|---|---|---|
| 001 | delm127385 | ||
| 005 | 20191219132307.0 | ||
| 008 | 191219s2007 hu o 0|| hun d | ||
| 040 | |a SZTE Délmagyarország Archívum |b hun | ||
| 041 | |a hun | ||
| 245 | 0 | 0 | |a Kitüntették Bodosi Mihály professzort |h [elektronikus dokumentum] |
| 260 | |c 2007-08-18 | ||
| 300 | |a 5 | ||
| 490 | 0 | |a Délmagyarország |v 97 No. 193 | |
| 695 | |a Bodosi Mihály, Magyar Köztársasági Érdemrend Tisztikeresztje | ||